[Event "LSS No Engine Cup 230 Preliminary 0"]
[Site "LSS email"]
[Date "2022.10.08"]
[Round "?"]
[White "Gamba, Juan Manuel"]
[Black "Husemann, Andreas"]
[Result "0-1"]
[WhiteElo "1377"]
[BlackElo "2312"]
[PlyCount "66"]
[EventDate "2022.10.08"]
[EventType "tourn (corr)"]
[EventRounds "6"]
[EventCountry "GER"]
[SourceTitle "Corr 2024"]
[Source "ChessBase"]
[SourceDate "2023.10.19"]
[SourceVersion "1"]
[SourceVersionDate "2023.10.19"]
[SourceQuality "1"]

1. e4 c5 2. Nf3 Nc6 3. d4 cxd4 4. Nxd4 Nf6 5. Nc3 e5 6. Ndb5 d6 7. Bg5 a6 8. Na3 b5 9. Nd5 Be7 10. Bxf6 Bxf6 11. c4 b4 12. Nc2 0-0 13. Be2 a5 14. Bg4 Be6 15. Nxf6+ Qxf6 16. Bxe6 fxe6 17. 0-0 Rfd8 18. Qd3 a4 19. b3 Qe7 20. Rfd1 h6 21. Qd2 Qb7 22. f3 Qb6+ 23. Kf1 Kf7 24. Ke2 Nd4+ 25. Nxd4 exd4 26. bxa4 e5 27. f4 Kg8 28. fxe5 dxe5 29. Kd3 Rxa4 30. Rab1 Ra3+ 31. Rb3 Rda8 32. Ke2 Rxa2 33. Rb2 d3+ 0-1

[Event "LSS No Engine Cup 201 Final"]
[Site "LSS email"]
[Date "2020.10.23"]
[Round "?"]
[White "Husemann, Andreas"]
[Black "Orlov, Vladimir"]
[Result "1/2-1/2"]
[WhiteElo "2317"]
[BlackElo "2078"]
[PlyCount "54"]
[EventDate "2020.10.23"]
[EventType "tourn (corr)"]
[EventRounds "6"]
[EventCountry "GER"]
[SourceTitle "Corr 2022"]
[Source "ChessBase"]
[SourceDate "2021.10.24"]
[SourceVersion "1"]
[SourceVersionDate "2021.10.24"]
[SourceQuality "1"]

1. d4 Nf6 2. c4 e6 3. Nc3 Bb4 4. f3 d5 5. a3 Bxc3+ 6. bxc3 c5 7. cxd5 Nxd5 8. dxc5 Qa5 9. e4 Ne7 10. Be3 0-0 11. Qb3 Qc7 12. Bb5 Nec6 13. Ne2 Na5 14. Qb4 Nbc6 15. Qa4 Bd7 16. 0-0 Ne5 17. Rab1 a6 18. Bxd7 Nxd7 19. Qb4 Rac8 20. Rfd1 Nxc5 21. a4 Nd7 22. Bf2 Ne5 23. Nd4 Nec4 24. Bg3 Qc5 25. Qxc5 Rxc5 26. Nb3 Nxb3 27. Rxb3 Na5 1/2-1/2

[Event "RM-2020-0-00216"]
[Site "LSS email"]
[Date "2020.08.21"]
[Round "?"]
[White "Husemann, Andreas"]
[Black "Langeveld, Michel"]
[Result "1/2-1/2"]
[WhiteElo "2274"]
[BlackElo "2329"]
[PlyCount "52"]
[EventDate "2020.07.28"]
[EventType "tourn (corr)"]
[EventRounds "6"]
[EventCountry "GER"]
[SourceTitle "Corr 2022"]
[Source "ChessBase"]
[SourceDate "2021.10.24"]
[SourceVersion "1"]
[SourceVersionDate "2021.10.24"]
[SourceQuality "1"]

1. d4 g6 2. e4 Bg7 3. Nf3 d6 4. Bc4 Nf6 5. Qe2 0-0 6. 0-0 Bg4 7. Rd1 Nbd7 8. e5 Bxf3 9. Qxf3 dxe5 10. dxe5 Nxe5 11. Bxf7+ Kh8 12. Qe2 Qc8 13. Bb3 Qf5 14. Nc3 Rad8 15. Rxd8 Rxd8 16. h3 g5 17. Be3 g4 18. Rd1 Rxd1+ 19. Qxd1 Nc6 20. hxg4 Nxg4 21. Qd2 Nxe3 22. Qxe3 Bd4 23. Qg3 e6 24. Qh4 Be5 25. Qh6 Nd4 26. Bc4 Bg7 1/2-1/2

[Event "RM-2020-0-00216"]
[Site "LSS email"]
[Date "2020.08.21"]
[Round "?"]
[White "Susla, Vitaliy"]
[Black "Husemann, Andreas"]
[Result "1/2-1/2"]
[WhiteElo "2347"]
[BlackElo "2274"]
[PlyCount "67"]
[EventDate "2020.07.28"]
[EventType "tourn (corr)"]
[EventRounds "6"]
[EventCountry "GER"]
[SourceTitle "Corr 2022"]
[Source "ChessBase"]
[SourceDate "2021.10.24"]
[SourceVersion "1"]
[SourceVersionDate "2021.10.24"]
[SourceQuality "1"]

1. d4 Nf6 2. c4 g6 3. Nc3 d5 4. cxd5 Nxd5 5. Nf3 Bg7 6. e4 Nxc3 7. bxc3 c5 8. Rb1 0-0 9. Be2 Nc6 10. d5 Ne5 11. Nxe5 Bxe5 12. Qd2 e6 13. f4 Bc7 14. 0-0 exd5 15. exd5 Ba5 16. d6 Rb8 17. Ba3 Bf5 18. Rbd1 Qf6 19. Bxc5 Bxc3 20. Qd5 b6 21. Ba3 Rfe8 22. Bb5 Re3 23. Bc1 Re6 24. Bd7 Re4 25. Kh1 Rd8 26. Bxf5 Qxf5 27. Qc6 Bd4 28. g4 Qe6 29. f5 Qe5 30. Qb7 Qe8 31. Bf4 Rd7 32. Qd5 Bc5 33. Bg3 Re2 34. Rfe1 1/2-1/2

[Event "WC-2019-S-00004"]
[Site "LSS email"]
[Date "2019.08.28"]
[Round "?"]
[White "Husemann, Andreas"]
[Black "Kudr, Roman"]
[Result "1/2-1/2"]
[WhiteElo "2298"]
[BlackElo "2315"]
[PlyCount "67"]
[EventDate "2019.09.01"]
[EventType "tourn (corr)"]
[EventRounds "12"]
[EventCountry "GER"]
[SourceTitle "Corr 2024"]
[Source "ChessBase"]
[SourceDate "2023.10.19"]
[SourceVersion "1"]
[SourceVersionDate "2023.10.19"]
[SourceQuality "1"]

1. d4 Nf6 2. c4 e6 3. Nc3 d5 4. Bg5 Be7 5. e3 0-0 6. Nf3 h6 7. Bxf6 Bxf6 8. Qd2 dxc4 9. Bxc4 Nd7 10. Rd1 c5 11. 0-0 cxd4 12. exd4 Nb6 13. Bb3 Bd7 14. Ne5 Bc6 15. f4 g6 16. f5 Bxe5 17. fxg6 Bg7 18. gxf7+ Kh8 19. Qe3 Rc8 20. Qxe6 Bxd4+ 21. Kh1 Qg5 22. Ne4 Bxe4 23. Qxe4 Bxb2 24. Rd6 Rc1 25. Rxc1 Qxc1+ 26. Rd1 Qc6 27. Qg4 Bg7 28. Qf5 Nc4 29. Bc2 Qxg2+ 30. Kxg2 Ne3+ 31. Kh3 Nxf5 32. Bxf5 Rxf7 33. Rd8+ Rf8 34. Rxf8+ 1/2-1/2

[Event "WC-2019-Q-00005"]
[Site "LSS email"]
[Date "2019.08.28"]
[Round "?"]
[White "Husemann, Andreas"]
[Black "Pilgram, Kurt"]
[Result "1/2-1/2"]
[WhiteElo "2298"]
[BlackElo "2154"]
[PlyCount "48"]
[EventDate "2019.09.01"]
[EventType "tourn (corr)"]
[EventRounds "12"]
[EventCountry "GER"]
[SourceTitle "Corr 2022"]
[Source "ChessBase"]
[SourceDate "2021.10.24"]
[SourceVersion "1"]
[SourceVersionDate "2021.10.24"]
[SourceQuality "1"]

1. d4 d5 2. c4 c6 3. Nf3 Nf6 4. Nc3 e6 5. e3 Nbd7 6. b3 Bb4 7. Bd2 b6 8. Be2 0-0 9. 0-0 a5 10. Qc2 Bb7 11. Ne5 Nxe5 12. dxe5 Nd7 13. f4 Qe7 14. Bc1 Rfd8 15. Rd1 Nc5 16. Bb2 Ba6 17. a3 Bxc3 18. Bxc3 a4 19. bxa4 Bxc4 20. Bxc4 dxc4 21. Bb4 Rd5 22. e4 Rd3 23. Qxc4 Qd7 24. Rxd3 Qxd3 1/2-1/2

[Event "WC-2019-S-00004"]
[Site "LSS email"]
[Date "2019.08.28"]
[Round "?"]
[White "Husemann, Andreas"]
[Black "Schroeder, Christoph"]
[Result "1/2-1/2"]
[WhiteElo "2298"]
[BlackElo "2322"]
[PlyCount "58"]
[EventDate "2019.09.01"]
[EventType "tourn (corr)"]
[EventRounds "12"]
[EventCountry "GER"]
[SourceTitle "Corr 2024"]
[Source "ChessBase"]
[SourceDate "2023.10.19"]
[SourceVersion "1"]
[SourceVersionDate "2023.10.19"]
[SourceQuality "1"]

1. d4 Nf6 2. c4 e6 3. Nc3 Bb4 4. f3 c5 5. d5 b5 6. e4 0-0 7. e5 Ne8 8. f4 exd5 9. cxd5 d6 10. Nf3 c4 11. a4 Nd7 12. Be2 Qb6 13. axb5 dxe5 14. fxe5 Nc7 15. Qd4 Qxd4 16. Nxd4 Nxe5 17. Nc6 Nxc6 18. bxc6 Nxd5 19. Bd2 Be6 20. Bf3 Nxc3 21. Bxc3 Rab8 22. Ke2 a5 23. Bxb4 axb4 24. Ke3 c3 25. bxc3 b3 26. Rhb1 b2 27. Ra4 Bf5 28. Be4 Rfe8 29. Kf3 Bxe4+ 1/2-1/2

[Event "WC-2019-Q-00005"]
[Site "LSS email"]
[Date "2019.08.28"]
[Round "?"]
[White "Husemann, Andreas"]
[Black "Tsygankov, Evgeny Georgievich"]
[Result "0-1"]
[WhiteElo "2298"]
[BlackElo "2482"]
[PlyCount "122"]
[EventDate "2019.09.01"]
[EventType "tourn (corr)"]
[EventRounds "12"]
[EventCountry "GER"]
[SourceTitle "Corr 2022"]
[Source "ChessBase"]
[SourceDate "2021.10.24"]
[SourceVersion "1"]
[SourceVersionDate "2021.10.24"]
[SourceQuality "1"]

1. d4 Nf6 2. c4 g6 3. Nc3 Bg7 4. e4 0-0 5. f3 d6 6. Be3 c5 7. Nge2 Nc6 8. d5 Ne5 9. Ng3 h5 10. Be2 h4 11. Nf1 e6 12. h3 exd5 13. cxd5 b5 14. Nxb5 Rb8 15. Nd2 Nh5 16. 0-0 g5 17. Rb1 Qe7 18. b4 cxb4 19. Rc1 Ng3 20. Rc7 Qd8 21. Rxa7 Bd7 22. Nxd6 Qe7 23. N2c4 Ra8 24. Nb5 g4 25. Rf2 Nxe2+ 26. Qxe2 Nxc4 27. Rxa8 Bxb5 28. Rxf8+ Bxf8 29. hxg4 Qc7 30. Bd4 Qf4 31. Qf1 f6 32. Kh1 Bd6 33. Qg1 Kf7 34. g5 fxg5 35. Rc2 h3 36. gxh3 Qxf3+ 37. Qg2 Qd1+ 38. Bg1 Kg6 39. Rf2 Bd7 40. Rf3 Qe1 41. Rf1 Qh4 42. Rf3 Ne5 43. Rg3 Bb5 44. Be3 Nf7 45. Rg4 Qe1+ 46. Qg1 Qxg1+ 47. Rxg1 Bd3 48. Rd1 Bxe4+ 49. Kg1 Bf3 50. Rd2 Kf5 51. Bf2 Be4 52. Rd1 Kf4 53. Rf1 Bf3 54. Kh2 Ne5 55. Bg3+ Ke3 56. Kg1 Bxd5 57. Rf6 Bc7 58. Rf2 Nd3 59. Bxc7 Nxf2 60. Bb6+ Kf3 61. Bxf2 Bxa2 0-1